| 000 | 00651cam a2200181 a 4500 | ||
|---|---|---|---|
| 001 | 000001471 | ||
| 005 | 20240313182407.0 | ||
| 008 | 810930s1928 fr abch 001 0 fre | ||
| 040 |
_aDO-SdBNP _bspa _cBNPHU |
||
| 082 |
_a923.9 _bC719C |
||
| 100 | 1 |
_aCharcot, Jean Baptiste Auguste Etienne, _d1867-1936 _94866 |
|
| 245 | 1 | 0 |
_aChristophe Colomb vu par un marin / _cJean Baptiste Auguste Etienne Charcot; préface de Paul Chack. |
| 260 |
_aParis : _bE. Flammarion, _c1928. |
||
| 300 |
_a320 p. : _bil. , maps. ; _c24 cm. |
||
| 500 | _aEn la cabeza del título: J. B. Charcot. | ||
| 600 | 0 |
_aCOLÓN, CRISTOBAL, _d1436-1456 _919795 |
|
| 700 | 1 |
_aChack,Paul, _94867 |
|
| 999 |
_c1379 _d1379 |
||